[Event "Barcelona Tres Peons-F 47th"]
[Site "Barcelona"]
[Date "2018.05.25"]
[Round "5.2"]
[White "Artes Closa, Enric"]
[Black "Sanfeliu Lopez, Jaume"]
[Result "0-1"]
[WhiteElo "1706"]
[BlackElo "1720"]
[PlyCount "60"]
[EventDate "2018.04.27"]
[EventType "tourn"]
[EventRounds "9"]
[EventCountry "ESP"]
[SourceTitle "EXT 2024"]
[Source "ChessBase"]
[SourceDate "2023.10.10"]
[SourceVersion "1"]
[SourceVersionDate "2023.10.10"]
[SourceQuality "1"]

1. e4 e5 2. f4 d5 3. exd5 e4 4. Nc3 Nf6 5. d3 exd3 6. Bxd3 Bg4 7. Be2 Bxe2 8. Qxe2+ Be7 9. Be3 0-0 10. 0-0-0 a6 11. g4 b5 12. g5 Nfd7 13. Nf3 Re8 14. Qg2 Bc5 15. Bd4 Bxd4 16. Nxd4 Nb6 17. f5 N8d7 18. Nc6 Qc8 19. f6 g6 20. Ne7+ Rxe7 21. fxe7 Nc5 22. b4 Nb7 23. Ne4 Nd6 24. Nxd6 cxd6 25. h4 Qc3 26. Rd3 Qa1+ 27. Kd2 Nc4+ 28. Ke2 Qe5+ 29. Kf2 Qxe7 30. h5 Ne5 0-1

[Event "Barcelona Tres Peons-F 47th"]
[Site "Barcelona"]
[Date "2018.05.04"]
[Round "2.5"]
[White "Iglesias Lopez, Albert"]
[Black "Sanfeliu Lopez, Jaume"]
[Result "1-0"]
[WhiteElo "1681"]
[BlackElo "1720"]
[PlyCount "59"]
[EventDate "2018.04.27"]
[EventType "tourn"]
[EventRounds "9"]
[EventCountry "ESP"]
[SourceTitle "EXT 2024"]
[Source "ChessBase"]
[SourceDate "2023.10.10"]
[SourceVersion "1"]
[SourceVersionDate "2023.10.10"]
[SourceQuality "1"]

1. e4 e5 2. Nf3 f5 3. Nxe5 Qf6 4. d4 d6 5. Nc4 fxe4 6. Nc3 Qf7 7. Nxe4 d5 8. Ne5 Qe6 9. Ng5 Qe7 10. Qe2 Nf6 11. Nef7 Qxe2+ 12. Bxe2 Rg8 13. Ne5 h6 14. Ngf3 Nbd7 15. 0-0 Nb6 16. Bd3 Ne4 17. Re1 Bf5 18. Nh4 Bh7 19. Neg6 0-0-0 20. a4 a6 21. a5 Nc4 22. Bxc4 Bb4 23. Rxe4 Rge8 24. Rxe8 Rxe8 25. Bf1 Re1 26. c3 Bd6 27. b4 Re6 28. Nf4 Re1 29. Nxd5 Bd3 30. Bb2 1-0

[Event "Barcelona Vila de Gracia Seniors 55+ op"]
[Site "Barcelona"]
[Date "2018.03.12"]
[Round "2"]
[White "Lopez Belles, Luis"]
[Black "Sanfeliu Lopez, Jaume"]
[Result "1-0"]
[WhiteElo "2063"]
[BlackElo "1720"]
[PlyCount "31"]
[EventDate "2018.03.05"]
[EventType "swiss"]
[EventRounds "9"]
[EventCountry "ESP"]
[SourceTitle "EXT 2019"]
[Source "ChessBase"]
[SourceDate "2018.10.10"]
[SourceVersion "1"]
[SourceVersionDate "2018.10.10"]
[SourceQuality "1"]

1. d4 Nf6 2. g3 c5 3. c3 Nc6 4. Bg2 b6 5. Nf3 Bb7 6. 0-0 d6 7. a4 e6 8. Na3 Be7 9. dxc5 bxc5 10. Ne1 0-0 11. Qc2 Nd7 12. Bd2 Rb8 13. Rd1 f5 14. Bc1 e5 15. h4 f4 16. Nc4 1-0

[Event "Barcelona Vila Gracia Seniors 55 op 4th"]
[Site "Barcelona"]
[Date "2017.04.24"]
[Round "7.10"]
[White "Sanfeliu Lopez, Jaume"]
[Black "Parayre Soguero, Jordi"]
[Result "0-1"]
[WhiteElo "1767"]
[BlackElo "1889"]
[PlyCount "74"]
[EventDate "2017.03.06"]
[EventType "swiss"]
[EventRounds "9"]
[EventCountry "ESP"]
[SourceTitle "EXT 2024"]
[Source "ChessBase"]
[SourceDate "2023.10.10"]
[SourceVersion "1"]
[SourceVersionDate "2023.10.10"]
[SourceQuality "1"]

1. e4 e5 2. d4 exd4 3. c3 d5 4. e5 dxc3 5. Nxc3 Bb4 6. a3 Bxc3+ 7. bxc3 Nc6 8. Nf3 h6 9. h3 Nge7 10. Bf4 0-0 11. Qd2 Ng6 12. Bxh6 Ncxe5 13. Nxe5 Re8 14. Be2 Rxe5 15. Be3 Bf5 16. 0-0 Qe7 17. Rfe1 Re8 18. Kf1 Bd7 19. Bd4 Rxe2 20. Rxe2 Bb5 21. Rae1 Qxa3 22. Be3 c6 23. Kg1 Qa6 24. Qa2 Bxe2 25. Rxe2 Qxa2 26. Rxa2 a6 27. Rb2 b5 28. Ra2 Ra8 29. f4 a5 30. Kf2 a4 31. Ke2 Re8 32. Kd3 Re4 33. g3 Ne7 34. g4 Ng6 35. Rf2 Kf8 36. f5 Ne5+ 37. Kd2 Nc4+ 0-1

[Event "Barcelona Tres Peons-F 45th"]
[Site "Barcelona"]
[Date "2016.06.10"]
[Round "9.5"]
[White "Sanfeliu Lopez, Jaume"]
[Black "Serentill Tost, Eduard"]
[Result "1-0"]
[WhiteElo "1745"]
[BlackElo "1620"]
[PlyCount "103"]
[EventDate "2016.04.15"]
[EventType "swiss"]
[EventRounds "9"]
[EventCountry "ESP"]
[SourceTitle "EXT 2024"]
[Source "ChessBase"]
[SourceDate "2023.10.10"]
[SourceVersion "1"]
[SourceVersionDate "2023.10.10"]
[SourceQuality "1"]

1. e4 e6 2. b3 d5 3. Bb2 Nf6 4. Nc3 c5 5. e5 Nfd7 6. f4 Nc6 7. Nf3 f6 8. Qe2 fxe5 9. fxe5 Be7 10. h4 0-0 11. 0-0-0 a6 12. h5 b5 13. g3 c4 14. d4 cxb3 15. axb3 b4 16. Na4 Nb6 17. Nc5 Bxc5 18. dxc5 Nd7 19. h6 g6 20. Qe3 Qe7 21. Bd3 Nxc5 22. Bxg6 hxg6 23. h7+ Kh8 24. Nh4 Qg7 25. Qg5 Ne7 26. Qxe7 Qxe7 27. Nxg6+ Kg7 28. Nxe7 Bd7 29. Nxd5 Bc6 30. h8Q+ Rxh8 31. Rxh8 Rxh8 32. Nxb4 Bb5 33. Bd4 Nb7 34. c4 a5 35. cxb5 axb4 36. Be3 Rc8+ 37. Kb2 Kg6 38. Rc1 Rf8 39. Rc4 Rf3 40. Bf4 Rf2+ 41. Rc2 Rf3 42. Rc4 Kf5 43. Rxb4 Nc5 44. b6 Nd3+ 45. Ka3 Nxb4 46. Kxb4 Rd3 47. Kc4 Rd7 48. Kc5 Kg6 49. b4 Kf7 50. Kc6 Ke8 51. b7 Rd8 52. Bg5 1-0

[Event "Barcelona Tres Peons-F 45th"]
[Site "Barcelona"]
[Date "2016.06.03"]
[Round "8.1"]
[White "Valero Recalde, Pablo"]
[Black "Sanfeliu Lopez, Jaume"]
[Result "0-1"]
[WhiteElo "1867"]
[BlackElo "1745"]
[PlyCount "100"]
[EventDate "2016.04.15"]
[EventType "swiss"]
[EventRounds "9"]
[EventCountry "ESP"]
[SourceTitle "EXT 2024"]
[Source "ChessBase"]
[SourceDate "2023.10.10"]
[SourceVersion "1"]
[SourceVersionDate "2023.10.10"]
[SourceQuality "1"]

1. d4 Nf6 2. c4 c5 3. d5 b5 4. cxb5 a6 5. bxa6 Bxa6 6. Nc3 g6 7. g3 Bg7 8. Bg2 d6 9. Nf3 0-0 10. 0-0 Nbd7 11. Rb1 Qa5 12. Bd2 Rfb8 13. Qc2 Nb6 14. b3 Bc8 15. Nh4 Bb7 16. a4 Qa6 17. e4 c4 18. b4 Nbd7 19. f4 e6 20. Rfe1 exd5 21. exd5 Re8 22. a5 Qa7+ 23. Kh1 Ng4 24. h3 Nf2+ 25. Kh2 Nd3 26. Rxe8+ Rxe8 27. Nb5 Qb8 28. Qxc4 Ba6 29. Qxd3 Bxb5 30. Qb3 Re2 31. Bc1 Qa7 32. Bb2 Nf6 33. Rc1 Rxb2 34. Rc8+ Ne8 35. Qd1 Rxb4 36. Qe1 Ra4 37. Rxe8+ Bf8 38. Re3 Rxa5 39. Rc3 Ra1 40. Rc1 Ra2 41. Qg1 Qa3 42. Qe1 Re2 43. Qc3 Qa2 44. Ra1 Qd2 45. Qxd2 Rxd2 46. Kg1 Bg7 47. Ra8+ Bf8 48. Rb8 Bc4 49. Nf3 Rxd5 50. Ne5 Rd1+ 0-1

[Event "Barcelona Tres Peons-F 45th"]
[Site "Barcelona"]
[Date "2016.05.06"]
[Round "4.3"]
[White "Sanfeliu Lopez, Jaume"]
[Black "Clifford, Neil"]
[Result "1-0"]
[WhiteElo "1745"]
[BlackElo "1805"]
[PlyCount "114"]
[EventDate "2016.04.15"]
[EventType "swiss"]
[EventRounds "9"]
[EventCountry "ESP"]
[SourceTitle "EXT 2024"]
[Source "ChessBase"]
[SourceDate "2023.10.10"]
[SourceVersion "1"]
[SourceVersionDate "2023.10.10"]
[SourceQuality "1"]

1. e4 e5 2. d4 exd4 3. c3 d5 4. e5 d3 5. Bxd3 Bc5 6. Nf3 Bg4 7. h3 Bh5 8. 0-0 Nc6 9. Re1 Qd7 10. b4 Bb6 11. a4 a5 12. Be3 d4 13. cxd4 0-0-0 14. Be2 Bxf3 15. Bxf3 Nxd4 16. Bg4 Ne6 17. Bxb6 cxb6 18. Qc1+ Kb8 19. Qe3 Qd4 20. Qxd4 Nxd4 21. Ra2 Nh6 22. Bd1 axb4 23. Rb2 Nc6 24. Bf3 Rd4 25. Kf1 Nf5 26. e6 fxe6 27. Rxe6 Nfe7 28. Nd2 Rhd8 29. Nb3 Rc4 30. g3 Rc3 31. Nd2 Rc1+ 32. Kg2 Ra1 33. Ne4 Rxa4 34. Nd6 Rd7 35. Bg4 Nd4 36. Re4 Rxd6 37. Rxe7 b3 38. Bd1 Ra2 39. Rb1 Rf6 40. h4 Rfxf2+ 41. Kh3 h5 42. Bxh5 b2 43. Bg6 Ra1 44. Ree1 Ra3 45. Re4 Nc6 46. Bh5 Ra1 47. Ree1 Rxb1 48. Rxb1 Na5 49. Bg6 Nb3 50. g4 Nd4 51. Kg3 Rd2 52. h5 Nb5 53. g5 Na3 54. Re1 Rd7 55. Kf4 Rc7 56. h6 gxh6 57. gxh6 Nc2 1-0

[Event "Barcelona Primavera La Lira op 4th"]
[Site "Barcelona"]
[Date "2011.04.28"]
[Round "4"]
[White "Febrero Perez, Lluis"]
[Black "Sanfeliu Lopez, Jaume"]
[Result "0-1"]
[WhiteElo "1585"]
[BlackElo "1897"]
[PlyCount "50"]
[EventDate "2011.03.31"]
[EventType "swiss"]
[EventRounds "9"]
[EventCountry "ESP"]
[SourceTitle "EXT 2012"]
[Source "ChessBase"]
[SourceDate "2011.11.24"]
[SourceVersion "1"]
[SourceVersionDate "2011.11.24"]
[SourceQuality "1"]

1. e4 e5 2. Nf3 Nc6 3. d4 exd4 4. Nxd4 Nxd4 5. Qxd4 Nf6 6. e5 Ng8 7. Be2 Ne7 8. Bg5 h6 9. Bh4 Nf5 10. e6 Qxh4 11. exf7+ Kd8 12. Qe5 Ne7 13. Nc3 d6 14. Qb5 Nc6 15. 0-0-0 a6 16. Qb3 Nd4 17. Qc4 Nxe2+ 18. Qxe2 Qe7 19. Qh5 Be6 20. Rhe1 Qxf7 21. Qa5 b6 22. Qa4 Bd7 23. Qe4 c6 24. Qb4 Kc7 25. Ne4 d5 0-1